Print's best logos & symbols : winning designs from print magazine's national competition

Bibliographic Details
Other Authors: Goss, Tom
Format: Book
Language:English
Published: New York : RC Publications , c1990
Subjects:

MARC

LEADER 00000cam a2200000 7i4500
001 0000000549
005 20230718.0
008 991124 nyu eng
020 |a 0915734656 (hbk) 
040 |a INS 
090 0 0 |a NC1001.5   |b .P945 1990 
245 0 0 |a Print's best logos & symbols :   |b winning designs from print magazine's national competition   |c edited by Tom Goss 
260 |a New York :   |b RC Publications ,   |c c1990 
300 |a 192 p. :   |b ill (some col.) ;   |c 28 cm. 
500 |a Includes index 
650 0 |a Design   |x Industrial 
650 0 |a Graphic arts 
700 1 |a Goss, Tom 
999 |a 0000003967   |b BOOK   |c Open Shelf   |e Default branch